[Event "Neckar op-A 14th"]
[Site "Deizisau"]
[Date "2010.04.01"]
[Round "1"]
[White "Freuler, Roman"]
[Black "Olszewski, Michal"]
[Result "0-1"]
[WhiteElo "2082"]
[BlackElo "2549"]
[PlyCount "86"]
[EventDate "2010.04.01"]
[EventType "swiss"]
[EventRounds "9"]
[EventCountry "GER"]
[SourceTitle "CBM 135 Extra"]
[Source "ChessBase"]
[SourceDate "2010.05.04"]
[SourceVersion "1"]
[SourceVersionDate "2010.05.04"]
[SourceQuality "1"]

1. e4 c5 2. c4 Nc6 3. Nc3 g6 4. g3 Bg7 5. Bg2 Nf6 6. Nge2 0-0 7. 0-0 d6 8. d3 Ne8 9. Be3 Nd4 10. Rb1 Nc7 11. Nd5 Bg4 12. f3 Bd7 13. Nxc7 Qxc7 14. Qd2 b5 15. b3 Nxe2+ 16. Qxe2 a5 17. Qd2 Rfb8 18. Rfd1 bxc4 19. dxc4 a4 20. Qc2 axb3 21. axb3 Ra6 22. Bd2 Bd4+ 23. Kh1 Qb7 24. Bc3 Bxc3 25. Qxc3 Rb6 26. e5 Rxb3 27. Rxb3 Qxb3 28. Qxb3 Rxb3 29. exd6 exd6 30. Kg1 Rb6 31. f4 Be6 32. Bf1 Kf8 33. Rd2 Ke7 34. Kf2 Rb1 35. Rc2 Rd1 36. Be2 Ra1 37. Kg2 Bf5 38. Rc3 Be4+ 39. Kh3 Re1 40. Re3 f5 41. g4 Kf6 42. gxf5 Bxf5+ 43. Kg2 Bg4 0-1

[Event "Gibraltar Masters 8th"]
[Site "Caleta"]
[Date "2010.01.31"]
[Round "6"]
[White "Freuler, Roman"]
[Black "Sedina, Elena"]
[Result "0-1"]
[WhiteElo "2082"]
[BlackElo "2335"]
[PlyCount "80"]
[EventDate "2010.01.26"]
[EventType "swiss"]
[EventRounds "10"]
[EventCountry "GGB"]
[SourceTitle "CBM 134 Extra"]
[Source "ChessBase"]
[SourceDate "2010.03.03"]
[SourceVersion "1"]
[SourceVersionDate "2010.03.03"]
[SourceQuality "1"]

1. e4 e6 2. d4 d5 3. e5 c5 4. c3 Qb6 5. a3 Nc6 6. Nf3 Nh6 7. Bd3 Bd7 8. Bc2 cxd4 9. cxd4 Nf5 10. Bxf5 exf5 11. Nc3 Be6 12. 0-0 Be7 13. b4 Rc8 14. Qd3 0-0 15. Bd2 Qd8 16. Rfc1 h6 17. Ne2 Qd7 18. Nf4 Nb8 19. Nh5 Rxc1+ 20. Rxc1 Rc8 21. Re1 Qc6 22. Qe3 g5 23. g3 Qc2 24. h4 f4 25. gxf4 Qg6 26. Nf6+ Bxf6 27. fxg5 Be7 28. Kh1 hxg5 29. Nxg5 Bxg5 30. Qxg5 Qxg5 31. Bxg5 Nd7 32. Be7 Kh7 33. Rg1 Rc4 34. Rd1 Rc3 35. f4 Rf3 36. Bg5 Kg6 37. Rc1 Rxa3 38. Rc7 b6 39. Kg2 Rb3 40. Rxa7 Rxb4 0-1

[Event "Winterthur op 9th"]
[Site "Winterthur"]
[Date "2009.10.10"]
[Round "9"]
[White "Freuler, Roman"]
[Black "Feuerstack, Aljoscha"]
[Result "0-1"]
[WhiteElo "2071"]
[BlackElo "2395"]
[PlyCount "130"]
[EventDate "2009.10.03"]
[EventType "swiss"]
[EventRounds "9"]
[EventCountry "SUI"]
[SourceTitle "CBM 132 Extra"]
[Source "ChessBase"]
[SourceDate "2009.11.03"]
[SourceVersion "1"]
[SourceVersionDate "2009.11.03"]
[SourceQuality "1"]

1. e4 c5 2. c4 e6 3. Nc3 b6 4. g3 Bb7 5. Bg2 Nf6 6. d4 cxd4 7. Qxd4 Nc6 8. Qd1 Ne5 9. Qe2 Rc8 10. b3 Bb4 11. Bd2 0-0 12. a3 Be7 13. Nf3 Nxf3+ 14. Bxf3 d5 15. e5 Ne4 16. 0-0 Nxc3 17. Bxc3 Ba6 18. Bb4 Qc7 19. Rfc1 dxc4 20. bxc4 Rfd8 21. Rc3 Rd4 22. Rac1 Bc5 23. Bg2 Qe7 24. Qb2 Qd7 25. R3c2 Rd1+ 26. Bf1 Bb7 27. Rxd1 Qxd1 28. Re2 Qa4 29. Bg2 Bxg2 30. Kxg2 Bxb4 31. axb4 Qc6+ 32. Kg1 Qxc4 33. Rd2 Qb5 34. Qd4 h6 35. Rd1 Qe2 36. Qd7 Rc7 37. Qxc7 Qxd1+ 38. Kg2 Qd5+ 39. Kg1 Qd1+ 40. Kg2 Qd5+ 41. Kg1 Qe4 42. Qc3 Kh7 43. h4 g6 44. Kh2 Kg7 45. Kg1 Qd5 46. Qe3 Qc4 47. Qd2 Qe4 48. Qc3 h5 49. Kh2 Qd5 50. Qe3 Kg8 51. Kg1 Qb5 52. Qd4 Qd5 53. Qe3 Qd8 54. b5 Qd1+ 55. Kh2 Qf1 56. Qd4 Kg7 57. f4 Qxb5 58. Qd8 Qe2+ 59. Kh3 Qf1+ 60. Kh2 Qf2+ 61. Kh3 Qg1 62. Qf6+ Kg8 63. Qd8+ Kh7 64. Qa8 b5 65. Qb7 Kg7 0-1

[Event "SUI-ch"]
[Site "Graechen"]
[Date "2009.07.16"]
[Round "8"]
[White "Leutwyler, Martin"]
[Black "Freuler, Roman"]
[Result "1-0"]
[WhiteElo "2169"]
[BlackElo "2081"]
[PlyCount "91"]
[EventDate "2009.07.09"]
[EventType "swiss"]
[EventRounds "9"]
[EventCountry "SUI"]
[SourceTitle "CBM 131 Extra"]
[Source "ChessBase"]
[SourceDate "2009.09.03"]
[SourceVersion "2"]
[SourceVersionDate "2009.09.16"]
[SourceQuality "1"]

1. d4 Nf6 2. Nf3 g6 3. Nc3 Bg7 4. e4 d6 5. h3 0-0 6. Be3 c6 7. a4 Qc7 8. Bd3 Nbd7 9. a5 e5 10. dxe5 dxe5 11. 0-0 Re8 12. Bc4 Nf8 13. Ng5 Ne6 14. Nxe6 Bxe6 15. Qe2 Qe7 16. Ra4 Bf8 17. Rd1 Nd7 18. Bxe6 Qxe6 19. Qc4 Qxc4 20. Rxc4 Nb8 21. Na4 Na6 22. Rd7 Re7 23. Rd3 Nc7 24. Bc5 Ree8 25. Rd7 Bxc5 26. Nxc5 Rec8 27. Nxb7 Ne8 28. b3 Rab8 29. a6 Rc7 30. Rxc7 Nxc7 31. Na5 Rb6 32. Nxc6 Nxa6 33. Nxe5 Nb4 34. Rc7 Re6 35. Nxf7 Rxe4 36. Kf1 a5 37. Ng5 Re5 38. Nf3 Rd5 39. Ke2 Rd8 40. Rc5 Ra8 41. c3 Re8+ 42. Re5 Rxe5+ 43. Nxe5 Nd5 44. c4 Nf4+ 45. Kf3 Ne6 46. Nc6 1-0